Five Least Guessed Countries by Continent - Statistics

General Stats
  • This quiz has been taken 99,509 times
    95,181 since last reset
  • The average score is 5 of 6
Answer Stats
Continent Countries % Correct
South America Suriname | Guyana | Ecuador | Paraguay | Bolivia
95%
Europe San Marino | Liechtenstein | Kosovo | Montenegro | Monaco
94%
Oceania Nauru | Kiribati | Palau | Tuvalu | Vanuatu
91%
Asia East Timor | Brunei | Bahrain | Maldives | Kyrgyzstan
88%
North America Grenada | St. Vincent & the Grenadines | St. Kitts & Nevis | Antigua and Barbuda | St. Lucia
86%
Africa São Tomé & Príncipe | Comoros | Guinea-Bissau | Burundi | Cape Verde
84%
No matching quizzes found
Score Distribution
Percent of People with Each Score
Percentile by Number Answered
Your Score History
You have not taken this quiz since the last reset